| 000 | 00441ntaaa2200181 4500 | ||
|---|---|---|---|
| 003 | 01 | ||
| 005 | 20251027201807.0 | ||
| 008 | 0714s1973 ag 01 | ||
| 040 |
_aAR-BaBN _bspa _cAR-BaBN _eaacr _dRIC |
||
| 082 | _a242.0000 S | ||
| 100 |
_aScroggie, W. Graham _95501 |
||
| 245 | _aVida de amor | ||
| 250 | _a1 ed. | ||
| 260 |
_aBuenos Aires : _bJunta de Publicaciones, _c1938 |
||
| 300 | _a65 p | ||
| 650 |
_ameditaciones _95341 |
||
| 942 | _cBK | ||
| 999 |
_c12592 _d12592 |
||